00664nam a22001937a 4500003000400000082001600004245011200020260005400132300001000186546001200196650002400208650002800232650002500260650002100285650001400306942001300320999001900333952011800352OSt a633bMIN/RE aReport of the national commission on agriculture 1976b: Part 6 crop production, sericulture and apiculture aNew DelhibMinistry of agriculture and irrigation a501p. aEnglish aPolicy and strategy aClimate and agriculture aResource development aAnimal husbandry aFisheries 2ddccREP c162496d162496 00102ddc4070aKAUCLVbKAUCLVcREPORTSd2018-11-08l0o633 MIN/REp809558r2018-11-08 00:00:00w2018-11-08yREP